Statistics for Star Trek Characters Birthplaces

Click here to take the quiz!

General Stats

  • This quiz has been taken 45 times
  • The average score is 15 of 22

Answer Stats

HintAnswer% Correct
Capt Jean-Luc PicardFrance
97%
Montgomery "Scotty" ScottScotland
97%
Pavel ChekovRussia
94%
Miles O'BrienIreland
91%
Mr SpockVulcan
91%
Deanna TroiBetazed
89%
Mr SuluCalifornia
80%
Khan Noonien SinghIndia
80%
Capt James T KirkIowa
77%
Mr WorfQo'noS (Klingon Empire)
74%
Kira NerysBajor
71%
QuarkFerenginar
71%
Will RikerAlaska
69%
Lt UhuraKenya
60%
Kathryn JanewayIndiana
57%
Benjamin SiskoLouisiana
57%
NeelixTalax
57%
Jonathan ArcherNew York
49%
Dr Leonard McCoyMississippi
43%
KesOcampa
37%
Geordi LaForgeSomalia
34%
DataOmicron Theta
11%

Score Distribution

Percentile by Number Answered

Percent of People with Each Score

Your Score History

You have not taken this quiz